A source book in mathematics
Αποθηκεύτηκε σε:
| Κύριος συγγραφέας: | |
|---|---|
| Μορφή: | Βιβλίο |
| Γλώσσα: | English |
| Δημοσίευση: |
New York :
Dover Publications,
1959
|
| Θέματα: | |
| Ετικέτες: |
Προσθήκη ετικέτας
Δεν υπάρχουν, Καταχωρήστε ετικέτα πρώτοι!
|
MARC
| LEADER | 00000nam a2200000 i 4500 | ||
|---|---|---|---|
| 001 | 1/15337 | ||
| 008 | 010115s1959 eng d | ||
| 020 | |a 0-486-64690-4 | ||
| 035 | |l 10065363 | ||
| 040 | |a GR-MY-UA |b gre |e aacr | ||
| 041 | 0 | |a eng | |
| 082 | 0 | |a 510 | |
| 100 | 1 | |a Smith, David Eugene |d 1860-1944. | |
| 245 | 1 | 2 | |a A source book in mathematics / |c by David Eugene Smith |
| 260 | |a New York : |b Dover Publications, |c 1959 | ||
| 300 | |a xiii, 701 p.; |b ill.; |c 22 cm. | ||
| 504 | |a Includes index | ||
| 650 | 0 | 0 | |a Mathematics. |
| 650 | 0 | 0 | |a Mathematics |x History. |
| 852 | |a INST |b SAMOS |e 20010115 |h 510 SMI |p 005300022393 |q 005300022393 |t BK |y 0 | ||
| 901 | |a BIBL3-2001-1 | ||
| 909 | |a Σ |b 081535 | ||
| 922 | |a 3ΕΛΗ |b 200006 |c ΕΠΕΑΕΚ/ΜΑΘ |d ΚΩΣΤΑΡΑΚΗΣ | ||
| 970 | |a ΚΟΣΙΕΡΗΣ |b ΧΡΗΣΤΟΣ |z 2001/01/15 | ||